| 000 | 00576nam a2200181Ia 4500 | ||
|---|---|---|---|
| 003 | GCL | ||
| 008 | 140319s9999 xx 000 0 eng d | ||
| 040 |
_aGCL / _cGCL |
||
| 082 | 0 | 4 |
_a658.404 _bS H |
| 100 | 1 | _aSBP BOARD OF CONSULTANTS & ENGINEERS | |
| 245 | 1 | 0 |
_aHANDBOOK OF RESERVED SMALL COTTAGE &?TINY INDUSTRIES / _cSBP BOARD OF CONSULTANTS & ENGINEERS |
| 260 |
_a[S.N] : _bSBP CONSULTANTS AND ENGINEERS PVT LTD. ، _c1989 |
||
| 300 | _a900 P | ||
| 650 | 0 | 4 | _aINDUSTRIAL ENGINEERING |
| 650 | 0 | 4 | _aINDUSTRIAL PROJECT |
| 650 | 0 | 4 | _aPROJECT MANAGEMENT |
| 942 |
_2ddc _cBK |
||
| 999 |
_c12344 _d12344 |
||